| 000 | 01152cam a22003255i 4500 | ||
|---|---|---|---|
| 999 |
_c28900 _d28871 |
||
| 001 | 14497457 | ||
| 003 | EG-ScBUE | ||
| 005 | 20201012124713.0 | ||
| 008 | 060814t20072007gw a f b 001 0 eng d | ||
| 020 | _a9783540345718 (hbk.) | ||
| 020 | _a354034571X (hbk.) | ||
| 035 | _a(OCoLC)ocm74650533 | ||
| 040 |
_aOHX _beng _erda _cSTF _dOHX _dUKM _dBAKER _dAZS _dYDXCP _dNLGGC _dVRC _dDLC _dIG# _dHEBIS _dDEBBG _dOCLCQ _dOCL _dDEBSZ _dDLC _dEG-ScBUE |
||
| 082 | 0 | 4 |
_a535.15 _bLAM _222 |
| 100 | 1 |
_aLambropoulos, Peter, _eauthor. |
|
| 245 | 1 | 0 |
_aFundamentals of quantum optics and quantum information / _cPeter Lambropoulos, David Petrosyan. |
| 264 | 1 |
_aBerlin ; _aNew York : _bSpringer, _c[2007] |
|
| 264 | 4 | _cc2007 | |
| 300 |
_axiv, 325 pages : _billustration ; _c24 cm |
||
| 336 |
_atext _btxt _2rdacontent |
||
| 337 |
_aunmediated _bn _2rdamedia |
||
| 338 |
_avolume _bnc _2rdacarrier |
||
| 500 | _a"With 95 figures." | ||
| 504 | _aIncludes bibliographical references and index. | ||
| 650 | 7 |
_aQuantum optics. _2BUEsh |
|
| 650 | 7 |
_aInformation theory in optics. _2BUEsh |
|
| 653 |
_bENGGEN _cOctober2020 |
||
| 700 | 1 |
_aPetrosyan, David, _eauthor. |
|
| 942 |
_2ddc _cBB |
||